| 000 | 00513nab a2200157 4500 | ||
|---|---|---|---|
| 003 | ES-SlBCS | ||
| 005 | 20210327231242.0 | ||
| 008 | 160909s2015 bl ||||| |||| 00| 0 por d | ||
| 040 |
_aES-SlBCS _bspa |
||
| 100 | 1 |
_aBranco, Maria Luísa _9209147 |
|
| 245 | 1 | 0 |
_aO "especificamente pedagógico" _cMaria Luísa Frazao Branco |
| 246 | 1 | 1 | _aThe "specifically pedagogical" |
| 650 | 0 | 0 |
_aPedagogía _915877 |
| 773 | 0 |
_gVol. 29, Nº 58, 2015, págs. 797-810 _tEducaçao e Filosofia _wRev1534 _x0102-6801 |
|
| 942 |
_2lcc _cAR |
||
| 999 |
_c858496 _d858496 |
||